000 01570nam a2200445 i 4500
001 19719
003 KOSZ 005
005 20211109103756.0
008 000114s1980 pl a f |001 0 pol
015 _aUWD 1981/4712
020 _a8301003466
035 _a991012596049705066
035 _a(PL-WaBN)b13407041-48omnis_nlop
035 _ab13407041
035 _a(OCoLC)830199192
035 _a(PL)b0000001340704
035 _a(EXLNZ-48OMNIS_NETWORK)9910068096405606
040 _aWA N
_cWA N
_dKOSZ 005/HR
041 0 _apol
080 _a531
080 _a(075.8)
100 1 _aIngarden, Roman Stanisław
_d(1920-2011)
_eAutor
245 1 0 _aMechanika klasyczna :
_b[skrypt przeznaczony dla studentów wydziałów fizyki uniwersytetów i wyższych szkół pedagogicznych] /
_cRoman Stanislaw Ingarden, Andrzej Jamiołkowski.
260 _aWarszawa ;
_aPoznań :
_bPańst. Wydaw. Naukowe,
_c1980.
300 _a223, [1] s. :
_bil., wykr. ;
_c24 cm.
336 _aTekst
_btxt
_2rdacontent
337 _aBez urządzenia pośredniczącego
_bn
_2rdamedia
338 _aWolumin
_bnc
_2rdacarrier
380 _aKsiążki
388 _a1901-2000
388 _a1945-1989
504 _aBibliogr. s. 221. - Indeks.
650 7 _aMechanika
_2DBN
655 7 _aPodręczniki akademickie
_2DBN
658 _aFizyka i astronomia
700 1 _aJamiołkowski, Andrzej
_d(1946- )
_eAutor
856 _uhttp://koha.tu.koszalin.pl/cgi-bin/koha/opac-detail.pl?biblionumber=19719
_yKatalog online BPK
942 _2UKD
_cKS
999 _c19719
_d19719